000 00332 a2200121 4500
082 _a370.1
_bD519e
100 _aDewey, John
_9847
245 _aExperiencia y Educacion
260 _aCosta Rica
_bEditorial Universidad Nacional
_c2003
300 _a127 p
_bill (col)
_c21 cm
650 _aEducacion
_xfilosofia
_9848
700 _aJohn Dewey
_9849
999 _c177
_d177